<?xml version="1.0" encoding="UTF-8"?>
<record
    xmlns:xsi="http://www.w3.org/2001/XMLSchema-instance"
    xsi:schemaLocation="http://www.loc.gov/MARC21/slim http://www.loc.gov/standards/marcxml/schema/MARC21slim.xsd"
    xmlns="http://www.loc.gov/MARC21/slim">

  <leader>00954nam a22002177a 4500</leader>
  <datafield tag="999" ind1=" " ind2=" ">
    <subfield code="c">514</subfield>
    <subfield code="d">514</subfield>
  </datafield>
  <controlfield tag="003">OSt</controlfield>
  <controlfield tag="005">20220610132631.0</controlfield>
  <controlfield tag="008">180221b        xxu||||| |||| 00| 0 spa d</controlfield>
  <datafield tag="020" ind1=" " ind2=" ">
    <subfield code="a">9508941170</subfield>
  </datafield>
  <datafield tag="040" ind1=" " ind2=" ">
    <subfield code="c">PJ</subfield>
  </datafield>
  <datafield tag="100" ind1=" " ind2=" ">
    <subfield code="a">Antonini, M&#xF3;nica A. </subfield>
    <subfield code="9">657</subfield>
  </datafield>
  <datafield tag="245" ind1="1" ind2="0">
    <subfield code="a">Ley de cooperaci&#xF3;n internacional en materia penal. La extradici&#xF3;n y la opci&#xF3;n</subfield>
    <subfield code="c">M&#xF3;nica A. Antonini. </subfield>
  </datafield>
  <datafield tag="260" ind1=" " ind2=" ">
    <subfield code="a">Buenos Aires :</subfield>
    <subfield code="b">Ad-Hoc,</subfield>
    <subfield code="c">1998.</subfield>
  </datafield>
  <datafield tag="300" ind1=" " ind2=" ">
    <subfield code="a">127 p.</subfield>
    <subfield code="c">23 cm.</subfield>
  </datafield>
  <datafield tag="500" ind1=" " ind2=" ">
    <subfield code="a">Notas y bibliograf&#xED;a al pie de p&#xE1;gina.</subfield>
  </datafield>
  <datafield tag="505" ind1=" " ind2=" ">
    <subfield code="a"> 
Capitulo I Origen de la extradici&#xF3;n --Capitulo II Concepto y fundamentos de la extradici&#xF3;n --Capitulo III Formas --Capitulo IV  La opci&#xF3;n a ser juzgado por los jueces nacionales. </subfield>
    <subfield code="r">M&#xD3;NICA A. ANTONINI</subfield>
    <subfield code="t">LEY DE COOPERACI&#xD3;N EN MATERIA PENAL .
LA EXTRADICI&#xD3;N Y LA OPCI&#xD3;N </subfield>
  </datafield>
  <datafield tag="650" ind1=" " ind2="0">
    <subfield code="9">653</subfield>
    <subfield code="a">DERECHO INTERNACIONAL PENAL</subfield>
  </datafield>
  <datafield tag="650" ind1=" " ind2="0">
    <subfield code="9">397</subfield>
    <subfield code="a">PROCESAL PENAL</subfield>
  </datafield>
  <datafield tag="650" ind1=" " ind2="0">
    <subfield code="a">EXTRADICION</subfield>
    <subfield code="9">658</subfield>
  </datafield>
  <datafield tag="942" ind1=" " ind2=" ">
    <subfield code="2">udc</subfield>
    <subfield code="c">LIB</subfield>
    <subfield code="h">341.44</subfield>
    <subfield code="i">ANT</subfield>
  </datafield>
  <datafield tag="952" ind1=" " ind2=" ">
    <subfield code="0">0</subfield>
    <subfield code="1">0</subfield>
    <subfield code="2">udc</subfield>
    <subfield code="4">0</subfield>
    <subfield code="7">0</subfield>
    <subfield code="a">DJS</subfield>
    <subfield code="b">DJS</subfield>
    <subfield code="d">2018-05-18</subfield>
    <subfield code="o">341.44 ANT</subfield>
    <subfield code="p">3564</subfield>
    <subfield code="r">2018-05-18</subfield>
    <subfield code="w">2018-05-18</subfield>
    <subfield code="y">LIB</subfield>
  </datafield>
</record>
